[Event "Baden-ch op U2000"]
[Site "Haslach im Kinzigtal"]
[Date "2010.06.04"]
[Round "5"]
[White "Maier, Armin"]
[Black "Neuwald, Volker"]
[Result "1/2-1/2"]
[WhiteElo "2054"]
[BlackElo "1815"]
[PlyCount "42"]
[EventDate "2010.05.31"]
[EventType "swiss"]
[EventRounds "7"]
[EventCountry "GER"]
[SourceTitle "EXT 2011"]
[Source "ChessBase"]
[SourceDate "2010.11.26"]
[SourceVersion "1"]
[SourceVersionDate "2010.11.26"]
[SourceQuality "1"]

1. e4 e6 2. d4 d5 3. Nc3 Bb4 4. e5 c5 5. a3 Bxc3+ 6. bxc3 Ne7 7. h4 Nbc6 8. h5 h6 9. Nf3 Qa5 10. Bd2 cxd4 11. cxd4 Qa4 12. c3 Qxd1+ 13. Rxd1 Na5 14. Bd3 Bd7 15. Rb1 b6 16. Ke2 Rc8 17. g4 Nc4 18. Bc1 Na5 19. Bd2 Nc4 20. Bc1 Na5 21. Bd2 Nc4 1/2-1/2

[Event "Baden-ch op U2000"]
[Site "Haslach im Kinzigtal"]
[Date "2010.06.01"]
[Round "2"]
[White "Maier, Armin"]
[Black "Sexauer, Achim"]
[Result "1/2-1/2"]
[WhiteElo "2054"]
[BlackElo "1815"]
[PlyCount "42"]
[EventDate "2010.05.31"]
[EventType "swiss"]
[EventRounds "7"]
[EventCountry "GER"]
[SourceTitle "EXT 2011"]
[Source "ChessBase"]
[SourceDate "2010.11.26"]
[SourceVersion "1"]
[SourceVersionDate "2010.11.26"]
[SourceQuality "1"]

1. e4 e6 2. d4 d5 3. Nc3 Nc6 4. Nf3 Nf6 5. Bg5 Be7 6. Bxf6 Bxf6 7. e5 Be7 8. a3 f6 9. Bd3 0-0 10. h4 Na5 11. Qe2 c5 12. dxc5 Bxc5 13. b4 fxe5 14. Qxe5 Nc4 15. Qh5 Bxf2+ 16. Ke2 g6 17. Bxg6 hxg6 18. Qxg6+ Kh8 19. Qh6+ Kg8 20. Kxf2 e5 21. Qg6+ Kh8 1/2-1/2

[Event "Stuttgart-chA int"]
[Site "Ditzingen"]
[Date "2009.05.23"]
[Round "5"]
[White "Pietzka, Martin"]
[Black "Maier, Armin"]
[Result "1/2-1/2"]
[WhiteElo "1846"]
[BlackElo "2066"]
[PlyCount "52"]
[EventDate "2009.05.21"]
[EventType "swiss"]
[EventRounds "7"]
[EventCountry "GER"]
[SourceTitle "EXT 2018"]
[Source "ChessBase"]
[SourceDate "2017.10.13"]
[SourceVersion "1"]
[SourceVersionDate "2017.10.13"]
[SourceQuality "1"]

1. e4 c5 2. Nf3 Nc6 3. d4 cxd4 4. Nxd4 Nf6 5. Nc3 e5 6. Ndb5 d6 7. Bg5 a6 8. Na3 b5 9. Bxf6 gxf6 10. Nd5 Bg7 11. c3 Ne7 12. Nxe7 Qxe7 13. Bd3 f5 14. 0-0 0-0 15. Nc2 f4 16. c4 bxc4 17. Bxc4 Qg5 18. f3 Kh8 19. Nb4 Bf6 20. Nd5 Bd8 21. Qd2 Rb8 22. b4 Be6 23. Kh1 Rg8 24. a3 Rg6 25. g3 Bxd5 26. Bxd5 Qf6 1/2-1/2

[Event "Stuttgart-chA int"]
[Site "Ditzingen"]
[Date "2009.05.21"]
[Round "2"]
[White "Maier, Armin"]
[Black "Kunz, Konstantin"]
[Result "0-1"]
[WhiteElo "2066"]
[BlackElo "2263"]
[PlyCount "108"]
[EventDate "2009.05.21"]
[EventType "swiss"]
[EventRounds "7"]
[EventCountry "GER"]
[SourceTitle "EXT 2018"]
[Source "ChessBase"]
[SourceDate "2017.10.13"]
[SourceVersion "1"]
[SourceVersionDate "2017.10.13"]
[SourceQuality "1"]

1. e4 c5 2. Nf3 e6 3. d4 cxd4 4. Nxd4 Nc6 5. Be2 Nf6 6. Bf3 Qb6 7. Nxc6 dxc6 8. 0-0 e5 9. b3 Qc7 10. Ba3 Bxa3 11. Nxa3 Be6 12. Qe2 0-0 13. Nc4 a5 14. a4 Rad8 15. Rfd1 h6 16. Ne3 Rd4 17. c3 Rxd1+ 18. Qxd1 Rd8 19. Qc2 Qd6 20. Rd1 Qc7 21. h3 b5 22. axb5 cxb5 23. Ra1 Ra8 24. b4 Qb6 25. Rxa5 Rxa5 26. bxa5 Qxa5 27. Bd1 Qa1 28. Kh2 Qa8 29. f3 Qa7 30. Qd2 Qc5 31. Be2 Kh7 32. Qd3 h5 33. g4 h4 34. Ng2 Bc4 35. Qd1 Qf2 36. Bxc4 bxc4 37. Qd6 Qg3+ 38. Kg1 Qxf3 39. Qxe5 Nxe4 40. Qh5+ Kg8 41. Qxh4 Qd1+ 42. Kh2 Qd6+ 43. Kh1 Nxc3 44. Qe1 Qd1 45. Kg1 Qf3 46. Qe3 Ne2+ 47. Kh2 Qf1 48. Nh4 c3 49. Nf3 c2 50. Qe8+ Kh7 51. Qe4+ g6 52. Ng5+ Kh6 53. Nxf7+ Qxf7 54. g5+ Kh7 0-1

[Event "Staufer op 19th"]
[Site "Schwaebisch Gmuend"]
[Date "2007.01.02"]
[Round "2"]
[White "Maier, Armin"]
[Black "Delemarre, Jop"]
[Result "1-0"]
[WhiteElo "2089"]
[BlackElo "2459"]
[PlyCount "85"]
[EventDate "2007.01.02"]
[EventType "swiss"]
[EventRounds "9"]
[EventCountry "GER"]
[SourceTitle "EXT 2014"]
[Source "ChessBase"]
[SourceDate "2013.11.20"]
[SourceVersion "1"]
[SourceVersionDate "2013.11.20"]
[SourceQuality "1"]

1. e4 e6 2. d4 d5 3. Nc3 Bb4 4. e5 c5 5. a3 Bxc3+ 6. bxc3 Nc6 7. a4 Qc7 8. Bb5 Bd7 9. Ne2 Nge7 10. 0-0 Na5 11. Ng3 g6 12. Re1 Bxb5 13. axb5 Nc4 14. Qd3 Qb6 15. Bg5 cxd4 16. cxd4 Qxb5 17. Bf6 Rg8 18. Reb1 Qc6 19. Qb3 b6 20. Qb4 Qd7 21. Ne2 Nc6 22. Qc3 h5 23. Nf4 Ne7 24. Nh3 Rc8 25. Qd3 Rc7 26. Ng5 Qc8 27. h3 Na5 28. Qb5+ Nec6 29. Nh7 Nc4 30. Rd1 Qb7 31. Bg5 Rh8 32. Nf6+ Kf8 33. Qb3 Ne7 34. Qf3 Nf5 35. g4 hxg4 36. hxg4 Ne7 37. Kg2 Nc6 38. Rh1 Rxh1 39. Rxh1 Ke7 40. Nxd5+ Kd7 41. Qxf7+ Ne7 42. Qxe7+ Kc6 43. Qxc7+ 1-0

[Event "Baden Wuerttemberg-chB"]
[Site "Illertissen"]
[Date "2005.09.04"]
[Round "9"]
[White "Maier, Armin"]
[Black "Groebe, Ulrich"]
[Result "1/2-1/2"]
[WhiteElo "2121"]
[BlackElo "1845"]
[PlyCount "41"]
[EventDate "2005.08.27"]
[EventType "swiss"]
[EventRounds "9"]
[EventCountry "GER"]
[SourceTitle "CBM 108 Extra"]
[Source "ChessBase"]
[SourceDate "2005.11.04"]
[SourceVersion "1"]
[SourceVersionDate "2005.11.04"]
[SourceQuality "1"]

1. e4 c6 2. Nc3 d5 3. Nf3 Bg4 4. h3 Bxf3 5. Qxf3 Nf6 6. d3 e6 7. g4 Bb4 8. Bd2 d4 9. Nb1 Bxd2+ 10. Nxd2 e5 11. 0-0-0 c5 12. Qg3 Nc6 13. f4 Qc7 14. fxe5 Nd7 15. Nc4 Ndxe5 16. Nxe5 Qxe5 17. Qxe5+ Nxe5 18. Be2 0-0 19. Rdf1 Rfe8 20. Rf5 Re7 21. h4 1/2-1/2

[Event "Baden Wuerttemberg-chB"]
[Site "Illertissen"]
[Date "2005.08.30"]
[Round "4"]
[White "Jusciak, Ute"]
[Black "Maier, Armin"]
[Result "0-1"]
[WhiteElo "1451"]
[BlackElo "2121"]
[PlyCount "50"]
[EventDate "2005.08.27"]
[EventType "swiss"]
[EventRounds "9"]
[EventCountry "GER"]
[SourceTitle "CBM 108 Extra"]
[Source "ChessBase"]
[SourceDate "2005.11.04"]
[SourceVersion "1"]
[SourceVersionDate "2005.11.04"]
[SourceQuality "1"]

1. e4 c5 2. Nf3 Nc6 3. d4 cxd4 4. Nxd4 Nf6 5. Nc3 e5 6. Ndb5 d6 7. Bg5 a6 8. Na3 b5 9. Nd5 Be7 10. Bxf6 Bxf6 11. Nxf6+ Qxf6 12. c3 0-0 13. Nc2 Ne7 14. Ne3 Bb7 15. Bd3 Rad8 16. 0-0 d5 17. exd5 Nxd5 18. Qc2 Nxe3 19. fxe3 Qg5 20. Rf2 Qxe3 21. Bxh7+ Kh8 22. Bf5 g6 23. Bg4 f5 24. Raf1 fxg4 25. Qxg6 Qxf2+ 0-1